Capitales avec la lettre U comme troisième lettre - Statistiques

Statistiques générales
  • Ce quiz a été pris 112 fois
    76 depuis la dernière actualisation
  • Le résultat moyen est 4 sur 6
Statistiques - réponses
Réponse % Correct
Bruxelles
82%
Ljubljana
79%
Asuncion
76%
Abuja
63%
Douchanbé
63%
Nouakchott
55%
Aucun quiz correspondant
Distribution des résultats
% des personnes avec chaque résultat
Percentile par nombre de réponses
Votre historique - résultats
Vous n’avez pas pris ce quiz depuis la dernière actualisation